Актуарный анализ деятельности страховой фирмы; Экономика России в XXI веке

Dettagli Bibliografici
Parent link:Экономика России в XXI веке.— 2013.— [С. 272-275]
Autore principale: Аксенова Ю. В.
Ente Autore: Национальный исследовательский Томский политехнический университет (ТПУ) Институт социально-гуманитарных технологий (ИСГТ) Кафедра истории и регионоведения (ИСТ)
Altri autori: Кац В. М. Вадим Маркович (научный руководитель)
Riassunto:Заглавие с титульного экрана
Исследуется математическая модель функционирования страховой компании, рассчитывается вероятность разорения фирмы к определенному моменту времени, оптимальная тарифная ставка. Говорится о постоянстве притока финансовых средств и о случайной величине страховых случаев. Исследуется роль актуариев в отрасли страхования, показана недостаточность актуарной модели.
Lingua:russo
Pubblicazione: 2013
Serie:Современные тенденции развития бухгалтерского, управленческого и финансового учета в России
Soggetti:
Accesso online:http://www.lib.tpu.ru/fulltext/c/2013/C40/093.pdf
Natura: MixedMaterials Elettronico Capitolo di libro
KOHA link:https://koha.lib.tpu.ru/cgi-bin/koha/opac-detail.pl?biblionumber=606305

MARC

LEADER 00000naa2a2200000 4500
001 606305
005 20250430124411.0
035 |a (RuTPU)RU\TPU\conf\3684 
035 |a RU\TPU\conf\3622 
090 |a 606305 
100 |a 20140526d2013 k y0rusy50 ca 
101 0 |a rus 
102 |a RU 
105 |a y z 101zy 
135 |a drgn ---uucaa 
181 0 |a i  
182 0 |a b 
200 1 |a Актуарный анализ деятельности страховой фирмы  |f Ю. В. Аксенова  |g науч. рук. В. М. Кац 
203 |a Текст  |c электронный 
225 1 |a Современные тенденции развития бухгалтерского, управленческого и финансового учета в России 
300 |a Заглавие с титульного экрана 
320 |a [Библиогр.: с. 274-275 (9 назв.)] 
330 |a Исследуется математическая модель функционирования страховой компании, рассчитывается вероятность разорения фирмы к определенному моменту времени, оптимальная тарифная ставка. Говорится о постоянстве притока финансовых средств и о случайной величине страховых случаев. Исследуется роль актуариев в отрасли страхования, показана недостаточность актуарной модели. 
337 |a Adobe Reader 
463 0 |0 (RuTPU)RU\TPU\conf\3320  |t Экономика России в XXI веке  |o сборник научных трудов Х Всероссийской научно-практической конференции "Фундаментальные проблемы модернизации экономики России", г. Томск, 19-23 ноября 2013 г.  |f Национальный исследовательский Томский политехнический университет (ТПУ) ; под ред. Г. А. Барышевой и др.  |v [С. 272-275]  |d 2013 
610 1 |a труды учёных ТПУ 
610 1 |a электронный ресурс 
610 1 |a страховые фирмы 
610 1 |a математические модели 
610 1 |a страховые компании 
610 1 |a финансовые средства 
610 1 |a страховые случаи 
610 1 |a страхование 
700 1 |a Аксенова  |b Ю. В. 
702 1 |a Кац  |b В. М.  |c экономист  |c доцент Томского политехнического университета, кандидат физико-математических наук  |f 1978-  |g Вадим Маркович  |4 727  |9 12405 
712 0 2 |a Национальный исследовательский Томский политехнический университет (ТПУ)  |b Институт социально-гуманитарных технологий (ИСГТ)  |b Кафедра истории и регионоведения (ИСТ)  |3 (RuTPU)RU\TPU\col\18372 
801 2 |a RU  |b 63413507  |c 20140526  |g RCR 
850 |a 63413507 
856 4 |u http://www.lib.tpu.ru/fulltext/c/2013/C40/093.pdf 
942 |c BK